| 000 | 00957nam a2200289 i 4500 | ||
|---|---|---|---|
| 001 | 20525 | ||
| 003 | BD-RjUL | ||
| 005 | 20211209000557.0 | ||
| 008 | 140301s1965 enk b 001 1 eng d | ||
| 035 | _a(BD-RjUL)20587 | ||
| 040 |
_aDLC _cDLC _dDLC _dBD-RjUL _beng |
||
| 041 | 1 | _aeng | |
| 082 | 0 | 0 |
_a823.912 _bGUV 1965 |
| 100 | 1 |
_aGuiguet, Jean. _963319 |
|
| 245 | 1 | 0 |
_aVirginia Woolf and her works / _cby Jean Guiguet ; translated by Jean Stewart. |
| 260 |
_aNew York : _bHarcourt Brace Jovanovich, _cc1965. |
||
| 300 |
_a487 p. ; _c21 cm. |
||
| 490 | 0 |
_aA Harvest book ; _vHB 342 |
|
| 504 | _aBibliography: p. 465-482. and index. | ||
| 600 | 1 | 0 |
_aWoolf, Virginia, _d1882-1941. _963329 |
| 650 | 0 |
_aWomen and literature _zEngland _xHistory _y20th century. _963321 |
|
| 650 | 0 |
_aNovelists, English _y20th century _vBiography. _963322 |
|
| 942 |
_2ddc _cBK |
||
| 999 |
_c20525 _d20525 |
||